000 00354nam a22001577a 4500
003 CEME
005 20210628205127.0
008 210226b xxu||||| |||| 00| 0 eng d
040 _c.
082 _a0333 WAS
100 _aIqbal.S Hussain
_9356
245 _aIslam and westran civillization
260 _bPDF
_c1997
300 _aPDF
942 _cBK
_2ddc
999 _c579658
_d579658